Vista normal
Vista MARC
Entrada Personal Name
Número de registros utilizados en: 1
001 - CONTROL NUMBER
- control field: 17714
003 - CONTROL NUMBER IDENTIFIER
- control field: DLC
005 - DATE AND TIME OF LATEST TRANSACTION
- control field: 20251119154602.0
008 - FIXED-LENGTH DATA ELEMENTS
- fixed length control field: 880928n| azannaabn |n aaa c
010 ## - LIBRARY OF CONGRESS CONTROL NUMBER
- LC control number: n 88094554
040 ## - CATALOGING SOURCE
- Original cataloging agency: IEN
- Language of cataloging: spa
- Description conventions: rda
- Transcribing agency: Mx-PuUPA
- Modifying agency: DLC
- Modifying agency: IOrQBI
- Modifying agency: DLC
- Modifying agency: Mx-PuUPA
046 ## - SPECIAL CODED DATES
- Birth date: 19190612
- Death date: 20040114
- Source of date scheme: edtf
100 1# - HEADING--PERSONAL NAME
- Personal name: Hagen, Uta,
- Dates associated with a name: 1919-2004
370 ## - ASSOCIATED PLACE
- Place of birth: Gotinga, Alemania
- Place of death: Manhattan, Nueva York, Estados Unidos
373 ## - ASSOCIATED GROUP
- Associated group: Real Academia de Arte Dramático, Universidad de Wisconsin-Madison
- Associated group: Escuela secundaria de la Universidad de Wisconsin
374 ## - OCCUPATION
- Occupation: Autora
- Occupation: Maestra de actores y actriz
375 ## - GENDER
- Gender: mujer
377 ## - ASSOCIATED LANGUAGE
- Language code: eng
- Language code: ger
670 ## - SOURCE DATA FOUND
- Source citation: Her Sources, c1983:
- Information found: t.p. (Uta Hagen)
670 ## - SOURCE DATA FOUND
- Source citation: LC data base, 6-22-88
- Information found: (hdg.: Hagen, Uta, 1919- )
670 ## - SOURCE DATA FOUND
- Source citation: WW Am., 1985,
- Information found: v. 1, p. 1338 (Hagen, Uta, actress, b. Gottingen, Germany, June 12, 1919)
670 ## - SOURCE DATA FOUND
- Source citation: Washington Post, 16 Jan. 2004:
- Information found: obit. (Uta Hagen, 84, died Jan. 14, 2004, New York City)